| 000 | 00609nam a22001577a 4500 | ||
|---|---|---|---|
| 003 | macl | ||
| 005 | 20200303131617.0 | ||
| 008 | 200303b xxu||||| |||| 00| 0 eng d | ||
| 040 | _cmacl | ||
| 082 | _a800 | ||
| 100 |
_aश्राेत्रिय ,डॉ .विश्वनाथ _978519 |
||
| 245 | _aरामाेपासक कवि कृपानिवास और उनका साहित्य | ||
| 260 |
_aदिल्ली _bआलाेकपर्व प्रकाशन _c2016 |
||
| 650 |
_aकाव्यासमीक्षा _974741 |
||
| 942 |
_2ddc _cHIN |
||
| 999 |
_c62286 _d62286 |
||